| 000 | 00550nam a2200205 a 4500 | ||
|---|---|---|---|
| 001 | BRCA_5876 | ||
| 005 | 20190320205240.0 | ||
| 008 | 160311s--------ag-#######---#000-0#ger-# | ||
| 041 | _ager | ||
| 044 | _agw | ||
| 050 | 4 |
_aDD757 _b.A75 |
|
| 245 | 1 | 0 |
_aArmed Gyllenstierna _bEine Erzählung aus dem Anfange des achtzehnten Jahrhunderts. _cBelde, F. van der. |
| 260 |
_aLeipzig _bPhillip Reclam. |
||
| 300 |
_a260 p. _c15 cm. |
||
| 500 | _aH123 | ||
| 650 | 1 | 4 |
_aArmada _zAlemania _914870 |
| 650 | 1 | 4 |
_aHistoria _98124 |
| 902 | _aGFM | ||
| 942 |
_2lcc _cB |
||
| 999 |
_c5565 _d5565 |
||